LEADER 02227nam0 22004693i 450 001 SBL0636163 005 20251003044358.0 020 $aIT$b843886 100 $a20080103d1982 ||||0itac50 ba 101 | $aita$cita 102 $ait 181 1$6z01$ai $bxxxe 182 1$6z01$an 183 1$6z01$anc$2RDAcarrier 200 1 $aCronistoria dei terremoti in Basilicata$eanno 1. d. C.-1980$fVito Claps$gintroduzione di Francesco D'Episcopo 210 $aGalatina$cCongedo$d1982 215 $a114 p., [53] c. di tav.$cill.$d24 cm. 225 | $aCollana di cultura lucana$v9 410 0$1001CFI0016156$12001 $aCollana di cultura lucana$v9 500 10$aCronistoria dei terremoti in Basilicata : anno 1. d. C.-1980$3CSA0173619$9SBLV273272$91762255 606 $aTerremoti$xBasilicata$xStoria$2FIR$3SBLC126662$9I 676 $a361.5$9$v21 676 $a551.22$9$v21 676 $a551.22$9TERREMOTI$v22 676 $a551.220945$9Vulcani, terremoti, acque termali e gas. Terremoti. Italia$v14 696 $aFenomeni sismici$aMovimenti tellurici$aMovimenti sismici$aSismi 699 $aTerremoti$zFenomeni sismici 699 $aTerremoti$yMovimenti tellurici 699 $aTerremoti$yMovimenti sismici 699 $aTerremoti$ySismi 700 1$aClaps$b, Vito$3SBLV273272$4070$0437993 702 1$aD'Episcopo$b, Francesco$3CFIV013911$4080 801 3$aIT$bIT-000000$c20080103 850 $aIT-BN0095 $aIT-AV0045 $aIT-MT0132 901 $bNAP MV$cO $nSTORIA LOCALE 901 $bNAP 01$cPOZZO LIB.$nVi sono collocati fondi di economia, periodici di ingegneria e scienze, periodici di economia e statistica e altri fondi comprendenti documenti di economia pervenuti in dono. 901 $bNAP SH$cF. PADULA $nContiene monografie e periodici prevalentemente moderni 912 $aSBL0636163 950 0$aBiblioteca Centralizzata di Ateneo$c1 v.$d 01POZZO LIB.ECON MON 9932$e 0101 0000111345E VMA 1 v. (precedente collocazione: GUERRAZZI B 1611)$fB $h20091214$i20091214 977 $a 01$a MV$a SH 996 $aCronistoria dei terremoti in Basilicata : anno 1. d. C.-1980$91762255 997 $aUNISANNIO